Adjustment Among Castes A Psychosocial Pattern/ (Record no. 215584)

MARC details
000 -LEADER
fixed length control field 00577nam a22001937a 4500
005 - DATE AND TIME OF LATEST TRANSACTION
control field 20260317143402.0
010 ## - LCCN (DPL NO)
LC control number ENG-147885
020 ## - INTERNATIONAL STANDARD BOOK NUMBER
International Standard Book Number 9789391238797
Terms of availability 500.00
035 ## - SYSTEM CONTROL NUMBER
System control number EN-131417
037 ## - SOURCE OF ACQUISITION
Source of stock number/acquisition DBAD
082 ## - DEWEY DECIMAL CLASSIFICATION NUMBER
Classification number 370.15
Edition number 1
100 ## - MAIN ENTRY--PERSONAL NAME
Personal name Alam, Junaid
245 ## - TITLE STATEMENT
Title Adjustment Among Castes A Psychosocial Pattern/
Statement of responsibility, etc Junaid Alam
250 ## - EDITION STATEMENT
Edition statement 1
260 ## - PUBLICATION, DISTRIBUTION, ETC. (IMPRINT)
Place of publication, distribution, etc New Delhi
Name of publisher, distributor, etc Educational Publishing House
Date of publication, distribution, etc 2021
270 ## - ADDRESS
Address D1/16, Ansari Road, Darya ganj
City New Delhi
Postal code 110002
300 ## - PHYSICAL DESCRIPTION
Extent 231p.
Dimensions 21cm(pb)
942 ## - ADDED ENTRY ELEMENTS (KOHA)
Source of classification or shelving scheme Dewey Decimal Classification
Item type English Books
Classification part 370.15
Call number suffix ALA
Holdings
Withdrawn status Lost status Not for loan Collection code Home library Current library Date acquired Source of acquisition Cost, normal purchase price Full call number Barcode Copy number Cost, replacement price Koha item type
    Not For Loan Non-fiction D.B.Act.Division D.B.Act.Division 17/03/2026 Delivery of Books Act Division 500.00 370.15 ALA EN-131417 1 500.00 English Books

© Delhi Public Library
Hit Counter
free hit counter